[Event "Poikovsky Karpov 04th"]
[Site "Poikovsky"]
[Date "2003.04.28"]
[Round "8"]
[White "Svidler, Peter"]
[Black "Lputian, Smbat G"]
[Result "1-0"]
[WhiteElo "2713"]
[BlackElo "2638"]
[Annotator "Psakhis,L"]
[PlyCount "127"]
[EventDate "2003.04.20"]
[EventType "tourn"]
[EventRounds "9"]
[EventCountry "RUS"]
[EventCategory "16"]
[SourceTitle "CBM 095"]
[Source "ChessBase"]
[SourceDate "2003.07.25"]
[SourceVersion "1"]
[SourceVersionDate "2003.07.25"]
[SourceQuality "1"]

1. e4 e6 2. d4 d5 3. Nc3 Bb4 4. e5 c5 5. a3 Ba5 {Lputian together with
Vaganian are the main experts in this system for Black.} 6. b4 $5 cxd4 7. Nb5 (
7. Qg4 Ne7 8. bxa5 dxc3 9. Qxg7 Rg8 10. Qxh7 Nbc6 $132) 7... Bc7 8. f4 Ne7 9.
Nf3 a6 ({Worth considering} 9... Bd7 $5) 10. Nxc7+ (10. Nbxd4) 10... Qxc7 11.
Bd3 Nd7 {A new idea, White did very well after " normal "} (11... Nbc6 12. Bb2
Bd7 13. O-O Qb6 14. Kh1 O-O 15. a4 $5 $36) 12. Bb2 (12. O-O Nb6 13. Bb2 Nc6 14.
Nxd4 $140 Na4) 12... Nb6 13. Bxd4 Bd7 {[%cal Gd7b5] Black is ready to offer
exchange of light-coloured  bishops.} ({Premature castle leads to big troubles
-} 13... O-O 14. Bxh7+ $1 Kxh7 15. Ng5+ Kg8 16. Qd3 $1 {[%csl Yc2]} Nf5 (16...
Ng6 17. Qh3 Re8 18. Qh7+ Kf8 19. Bc5+ Re7 20. h4 $40) 17. g4 $40) 14. Qe2 Na4
15. O-O Rc8 16. Rac1 {[%cal Gc2c4]} (16. f5 $6 Nxf5 $1 17. Bxf5 exf5 18. e6 (
18. Ng5 Qc4 $5 19. Qe3 Nc3 20. Rf2 Be6 $15) 18... fxe6 19. Bxg7 Rg8 $17) 16...
Nc3 $6 {White get better chances as a result of opening and , possibly , black
should have considered pawn sacrifice} (16... Bb5 $5 17. Bxb5+ axb5 18. Qxb5+
Qc6 $44 {with small compensation for the pawn.}) 17. Qe3 Bb5 $6 ({Being fully
aware of what is going to happen, I would recommend the following to Black:} 
17... Nf5 $5 18. Bxf5 exf5 19. e6 Bxe6 20. Bxg7 Rg8 21. Be5 Qc4 22. Rfe1 $14)
18. Bc5 ({Svidler thinks that an extra pawn in the ending after} 18. Bxc3 $5
Qxc3 19. Bxb5+ axb5 20. Qxc3 Rxc3 21. Nd4 Rxa3 22. Nxb5 Ra2 23. Nd6+ Kd7 24.
Nxf7 (24. c4 $5) (24. Nxb7 $5) 24... Rc8 (24... Rb8 $5) 25. Nd6 $16 {will be
not enough for victory, but I am not so optimistic about black's chances for a
draw.}) 18... Na4 $6 ({Interesting was} 18... Nf5 $142 $5 {with possible line}
19. Bxf5 {the following lines might have arisen -} (19. Qe1 $5) 19... Bxf1 (
19... Ne2+ $5 20. Kh1 Nxc1 21. Rxc1 exf5 22. e6 $1 f6 23. Nh4 g6 24. Qd4 b6 $5
25. Bxb6 Qc3 $132) 20. Rxf1 exf5 21. Qxc3 (21. Nd4 $143 $2 Ne4 22. Nxf5 Nxc5
23. Nd6+ Ke7 24. Nxc8+ Rxc8 25. bxc5 Qxc5 {and White gets an obviously
inferior ending}) 21... b6 $1 22. e6 f6 23. Rd1 bxc5 24. Rxd5 $44) 19. Bxe7 (
19. Bxb5+ axb5 20. Nd4 Nf5 (20... O-O 21. Bxe7 Qxe7 $44) 21. Nxf5 exf5 22. Qg3
{with clear advantage.}) (19. Bd6 Qb6 20. Nd4 $36) 19... Qxe7 20. f5 $1 $40 {
Without special effects Peter obtained a almost winning position.} Bxd3 $8 (
20... O-O 21. Nd4 $1 (21. f6 $143 gxf6 22. Bxh7+ Kg7 $1 (22... Kxh7 $2 23. exf6
$18)) 21... Bxd3 22. f6 $16) (20... exf5 21. Nd4 (21. Bxb5+ $5 axb5 22. Nd4 {
[%csl Rb5,Gd4,Rf5]}) 21... Bxd3 22. cxd3 Rxc1 23. Rxc1 O-O 24. Nxf5 Qe6 25. Qg5
g6 26. Nh6+ Kh8 27. Qf6+ $5 Qxf6 28. exf6 $18 {[%csl Gh6,Rh8]}) 21. cxd3 Rxc1 (
21... O-O 22. f6 gxf6 23. exf6 Qxf6 24. Rxc8 Rxc8 25. Ne5 $18) 22. Rxc1 O-O 23.
f6 $2 {White is in hurry to break the enemy king's shield.} ({H~~ could
develop a crushing kingside attack by playing} 23. Nd4 $1 Nb6 24. Rf1 $1 {
/\ f5-f6 +-}) 23... gxf6 24. exf6 Qxf6 25. Ne5 {[%csl Ge5][%cal Re5d7]} Qg7 $8
$132 {Only move!} ({Quickly lose and} 25... Qe7 $2 26. Rc7 $1 Qxc7 27. Qg3+ Kh8
28. Ng6+ hxg6 29. Qxc7 $18) ({and} 25... Qh4 $2 26. Nd7 Rd8 27. Qe5 $1 Rxd7 28.
Rc8+ Rd8 29. Qg3+ $1 Qxg3 30. Rxd8+ Kg7 31. hxg3 $18 {with big advantage in
ending.}) 26. Rf1 (26. Rc7 b5 27. h3 $44) 26... Nc3 $5 {Avoiding cunning trap -
} (26... f6 $2 27. Rf3 d4 $5 (27... Kh8 28. Rg3 Qe7 29. Ng6+ hxg6 30. Qh6+ $18)
28. Qd2 fxe5 29. Rg3 $16) (26... f5 27. Rf3 Kh8 28. d4 {[%csl Re5][%cal Gf3g3]}
) 27. Rf3 d4 $1 {Best defense!} 28. Qe1 Kh8 $138 (28... Qh6 $5 {[%cal Gc3a2,
Gh6c1]} 29. Qg3+ (29. Nd7 Rc8 $15) 29... Kh8 30. Nxf7+ Rxf7 31. Qb8+ Kg7 32.
Rg3+ Kf6 33. Rf3+ $11) 29. Nd7 Rd8 $6 {Too passive} ({Black could maintain
balance after} 29... Rc8 $142 $1 {for example} 30. Nf6 $5 ({In the case of} 30.
Rg3 Qh6 31. Qe5+ f6 32. Nxf6 Ne2+ $1 33. Qxe2 Rc1+ 34. Kf2 Qxf6+ $36 {White
should play very accurately in order not to get the worst position.}) 30... h6
31. h4 Nd5 32. Nxd5 (32. Nh5 Qg4 33. Qe5+ f6 34. Rxf6 (34. Nxf6 Rc1+) 34...
Nxf6 35. Qxf6+ Kh7 $11) 32... exd5 33. Qe7 Rg8 $11) 30. Nf6 $5 (30. Rg3 Qh6 (
30... Qxg3 31. hxg3 Rxd7 32. Qe5+ Kg8 $13) 31. Ne5 (31. Qe5+ f6 32. Nxf6 Qc1+
33. Kf2 Qd2+ $11) 31... Rf8 32. Nd7 $11) 30... Nd5 (30... h6 $143 $6 31. h4 $1
{great idea - White takes g5 square under the control.} Nd5 32. Nh5 Qg6 33.
Qe5+ Kh7 34. Rg3 f6 35. Rxg6 fxe5 36. Rxe6 $16) 31. Nxh7 $5 (31. Qh4 Rc8 $1 32.
Nxd5 Rc1+ 33. Rf1 Rxf1+ 34. Kxf1 exd5 35. Qd8+ Qg8 36. Qxd5 Qg4 $11) 31... Ne3
32. Rg3 Qxh7 ({Black could play} 32... Qe5 {but after} 33. Ng5 Rf8 34. Nf3 Qf4
35. Nxd4 $1 Qxd4 36. Rxe3 Rc8 37. Kh1 {[%csl Rh8] White's chances are higher
any case.}) 33. Rh3 Qxh3 34. gxh3 Rg8+ (34... Rd5 $142 $1 35. Qh4+ Kg7 36. Kf2
Nf5 37. Qg5+ $36) 35. Kf2 e5 $2 (35... Rg2+ 36. Kf3 Kg7 37. Qh4 (37. a4 $5)
37... Nf5 $1 {with great chances for a draw.}) 36. Kf3 $16 {'The queen is
clearly stronger than R+N and with precise play Svidler brings game to the
victory.} Rg6 37. Qh4+ Kg7 38. Qe7 Rf6+ (38... Re6 39. Qxb7 Kg6 40. a4 f5 41.
b5 e4+ 42. Ke2 $18) 39. Ke2 Re6 40. Qxb7 Kg6 41. a4 $18 {Rest is quite simple.}
e4 $5 42. dxe4 Nc4 43. Qd5 (43. Kd3 $5 Nb2+ 44. Kxd4 Nxa4 45. e5 $5 $18) 43...
Nb6 44. Qf5+ Kg7 45. a5 Na4 $1 {[%cal Ga4c3]} 46. Kd3 Nc3 47. Kxd4 Nb5+ 48. Kc5
Rg6 49. h4 Re6 (49... Rh6 50. e5 Rg6 (50... Nc7 51. Qg5+ Rg6 52. Qe7 Nb5 53. h5
) 51. h5 Rh6 52. Qg5+ Kh7 53. Qxh6+ Kxh6 54. Kb6 $18) 50. Qxe6 $1 {The
shortest way to victory} fxe6 51. Kb6 {[%csl Ga5,Gb4]} e5 (51... Nc3 52. e5 $1
Nd5+ 53. Kxa6 Nxb4+ 54. Kb5 Nd5 55. a6 Nc7+ 56. Kb6 Nxa6 57. Kxa6 Kg6 58. h5+
$1 Kxh5 59. Kb6 $18) 52. Kxa6 Nd6 53. Kb6 Nxe4 54. Kc6 Nd6 {'!?'} 55. a6 (55.
Kxd6 e4 56. a6 e3 57. a7 e2 58. a8=Q e1=Q 59. Qa7+ Kf8 60. Qc5 $18 {was good
enough}) 55... Nc8 56. Kd5 Kf6 57. h5 {White just have too many pawns!} Na7 58.
h6 Nb5 59. h7 Kg7 60. Kxe5 Kxh7 61. Kf6 $1 {[%cal Gf6d7] Avoiding last trap -}
(61. Kd5 $4 Nc7+ {[%cal Gc7d5,Gc7a6]}) 61... Nc7 62. a7 Nd5+ 63. Ke5 Nb6 64.
Kd4 {The technical part of the game was greatly conducted by Svidler} 1-0

[Event "North Sea Cup 15th"]
[Site "Esbjerg"]
[Date "2000.07.09"]
[Round "3"]
[White "Svidler, Peter"]
[Black "Hansen, Curt"]
[Result "1/2-1/2"]
[WhiteElo "2689"]
[BlackElo "2613"]
[Annotator "Psakhis,L"]
[PlyCount "80"]
[EventDate "2000.07.07"]
[EventType "tourn"]
[EventRounds "9"]
[EventCountry "DEN"]
[EventCategory "14"]
[SourceTitle "CBM 078"]
[Source "ChessBase"]
[SourceDate "2000.10.18"]
[SourceVersion "1"]
[SourceVersionDate "2000.10.18"]
[SourceQuality "1"]

1. e4 e6 2. d4 d5 3. Nc3 Bb4 4. e5 c5 5. a3 Bxc3+ 6. bxc3 Qc7 {I like to play
this risky and complicated line myself.} 7. Qg4 f5 8. Qg3 ({Deserves attention
} 8. Qh5+ g6 9. Qd1 {[%cal Gh2h5]}) 8... cxd4 9. cxd4 Ne7 10. Bd2 O-O 11. Bd3
b6 12. Ne2 Ba6 13. Nf4 Qd7 14. h4 Bxd3 15. Qxd3 Rc8 $5 {[%cal Gc8c4,Gb8c6]
Small improvement compare to} (15... Nbc6 16. Rh3 Rac8 17. Rg3 Rf7 18. h5 Nd8
19. c3 Rf8 20. Kf1 Rc4 21. Kg1 Nf7 22. a4 Rfc8 23. Qb1 Nc6 24. Qd1 $36 {
1-0 Kasparov,G-Short,N/Novgorod 1997/Inf 70 (31)}) 16. Rh3 Rc4 {[%csl Gc4]} 17.
Rg3 Nbc6 18. c3 Kh8 $146 ({White didn't get to much and after} 18... Rf8 19.
Ke2 Rf7 20. Kf1 Ra4 21. Qc2 Rc4 22. Qd1 Nd8 23. Nh3 Qe8 24. a4 Nec6 25. Nf4 Kh8
26. Kg1 Na5 27. Kh2 Rcc7 28. Nh3 Rfd7 29. Nf4 Nc4 $11 {1/2-1/2 Gofstein,
L-Psakhis,L/ISR t-ch 1998 (45)}) 19. Qe2 {[%cal Ge2h5]} Na5 {[%cal Ga5b3]} 20.
Qd1 {Protect b3 square from black's knight.} Rc6 {[%cal Ga5c4]} 21. Kf1 Nc4 22.
Bc1 b5 $1 {[%csl Ra3][%cal Gc6a6]} 23. Nh5 (23. Nd3 $5 {[%cal Gd3c5]} Qe8 $13)
23... Ng6 ({After} 23... Rg8 24. Bg5 $1 {[%cal Rh5f6] it is very difficult to
find defence against threat Nf6}) 24. Nxg7 Kxg7 25. h5 {Black position looks
rather dangerous, but he has enough protective resources.} Rh8 $1 26. Bg5 Kf8
27. Bf6 Rg8 28. hxg6 (28. Qc1 $5 Qf7 29. hxg6 Rxg6 30. Rxg6 Qxg6 31. a4 $5)
28... Rxg6 29. Rh3 Ra6 30. Qc1 $6 ({Maybe perpetual check, possible after} 30.
Qh5 $5 Kg8 31. Qxg6+ $1 hxg6 32. Rh8+ Kf7 33. Rh7+ $11 {was the best option
for White in this position.}) 30... Kg8 31. g3 {[%cal Gf1g2,Ga1h1]} Nd6 $1 {
[%cal Gd6e4]} 32. Kg2 Ne4 {[%csl Ge4]} 33. Qf4 Rc6 34. Rah1 Rxc3 35. R1h2 (35.
Rxh7 Qxh7 36. Rxh7 Kxh7 {[%cal Rc3c2]} 37. Qh4+ $140 Rh6 $19) 35... Rc2 36. Kg1
Qc7 37. Qh4 Rc1+ $2 {Maybe Hansen was short on time, other case he will play} (
37... f4 $1 {with clear advantage , for example} 38. Qxh7+ (38. Qxf4 $2 Qc3 (
38... Nxf6 $5 39. Rh6 Ne4) 39. Qe3 Qa1+ 40. Kg2 Nxf2 $1 41. Qxf2 Rxf2+ 42. Kxf2
Qxd4+ 43. Ke2 Rg4 $19) (38. Qh5 $2 {[%cal Rh5g6]} Nxf6 39. exf6 fxg3 40. Qxg6+
hxg6 41. Rh8+ Kf7 42. R2h7+ Kxf6 43. Rf8+ Kg5 44. Rxc7 gxf2+ 45. Rxf2 Rxc7 $19)
(38. Be7 $2 Rc1+ 39. Kg2 f3+ 40. Kxf3 Qc3+ 41. Kg2 Rg1+ $1 $19) 38... Qxh7 39.
Rxh7 Nxf6 $1 (39... Rc1+ $2 40. Kg2 f3+ 41. Kxf3 Rxf6+ 42. exf6 Ng5+ 43. Kf4
Nxh7 44. f7+ Kxf7 45. Rxh7+ Kf6 46. Rxa7 $16) 40. exf6 fxg3 $17) 38. Kg2 Rc2
39. Kg1 Rc1+ $2 40. Kg2 Rc2 1/2-1/2

[Event "Hastings 0203 78th"]
[Site "Hastings"]
[Date "2003.01.05"]
[Round "9"]
[White "Karjakin, Sergey"]
[Black "Barsov, Alexei"]
[Result "1/2-1/2"]
[WhiteElo "2527"]
[BlackElo "2525"]
[Annotator "Psakhis,L"]
[PlyCount "43"]
[EventDate "2002.12.28"]
[EventType "tourn"]
[EventRounds "9"]
[EventCountry "ENG"]
[EventCategory "12"]
[SourceTitle "CBM 093"]
[Source "ChessBase"]
[SourceDate "2003.04.01"]
[SourceVersion "1"]
[SourceVersionDate "2003.04.01"]
[SourceQuality "1"]

1. e4 e6 2. d4 d5 3. Nc3 Bb4 4. e5 c5 5. a3 Bxc3+ 6. bxc3 Ne7 7. Qg4 O-O 8. Bd3
Qa5 {This line became so popular mostly efforts of Rustemov, who used it many
times with big success.} 9. Bd2 Nbc6 10. Qh5 {Quite rare move, more popular is}
(10. Nf3 $5 {with possible continuation} f5 11. exf6 Rxf6 12. Qh5 Nf5 13. c4
Qa4 14. cxd5 Ncxd4 15. Ng5 h6 16. Ne4 Rf8 17. O-O b6 18. Nc3 Qe8 19. Qxe8 Rxe8
20. a4 Bd7 $13 {1/2-1/2 Sokolov,A-Rustemov,A/BL 2003/ (34)}) 10... h6 11. g4
$146 {This is a new try, but as this game shows, Black has nothing to fear here
} (11. Nf3 c4 12. Be2 f6 13. exf6 Rxf6 14. Ne5 ({Black's chances are better
after} 14. g4 Ng6 15. g5 Nf4 16. Qg4 e5 $1) 14... Nxe5 15. Qxe5 Nc6 16. Qe3 Qa4
17. Ra2 Bd7 18. O-O Raf8 $13 {0-1 Pedzich,D-Rustemov,A/Swidnica 1999/CBM 71/
[Psakhis,L] (39)}) (11. dxc5 b6 $5 12. cxb6 Ba6 13. Qe2 Bxd3 14. cxd3 axb6 15.
Nf3 Qc5 16. O-O Rxa3 17. Rxa3 Qxa3 $11 {0-1 Shaposhnikov,E-Rustemov,A/Saint
Petersburg 74/313 1998 (36)}) 11... c4 ({Too dangerous for Black will be to
play} 11... cxd4 12. cxd4 Qa4 13. c3 Nxd4 14. Bxh6 $1 gxh6 15. Qxh6 $40 {
with dangerouse attack}) 12. Be2 f6 $1 13. exf6 (13. f4 Bd7 {[%cal Gd7e8]})
13... Rxf6 14. g5 {An attempt to launch an attack, which is quite easily
suppressed by black} g6 $1 (14... hxg5 15. Nf3 Bd7 16. Nxg5 $40) 15. Qh4 ({
Black have great compensation for the pawn in the case of} 15. Qxh6 Rf7 16. Qh4
(16. Qh3 e5) 16... Nf5 17. Qh3 e5 $44 {[%csl Gc6,Re1,Gf5,Rh3]}) 15... Nf5 ({
I think that Black rightly avoided the line} 15... hxg5 16. Qxg5 Rf5 17. Qg3 e5
18. Nf3 $1) 16. Qf4 (16. Qg4 h5 $1) 16... e5 $5 17. dxe5 Re6 18. gxh6 (18. Nf3
h5 $5 19. Nd4 Re7 $44) 18... Nxe5 {[%cal Ge5d3]} 19. Kf1 $5 ({Or} 19. h4 $5 Nf7
$1 (19... Nd3+ $143 $2 20. cxd3 cxd3 21. h5 $40) 20. h5 g5 21. Qf3 Kh8 $132 {
with big and unclear complications}) 19... Nf7 $1 20. Bf3 (20. h4 Re4) 20... g5
$1 21. Qg4 Rxh6 22. Qg2 ({Barsov played all game beyond praise and I suppose
that after for example} 22. Qg2 Nh4 23. Qg3 d4 $5 $36 {[%csl Ga5,Rf1,Gh4,Gh6]
he could continue game without any risk}) 1/2-1/2

[Event "EU-chT (Men) 12th"]
[Site "Batumi"]
[Date "1999.12.06"]
[Round "8.3"]
[White "Lutz, Christopher"]
[Black "Socko, Bartosz"]
[Result "1-0"]
[WhiteElo "2591"]
[BlackElo "2543"]
[Annotator "Psakhis,L"]
[PlyCount "77"]
[EventDate "1999.11.06"]
[EventType "team-swiss"]
[EventRounds "9"]
[EventCountry "GEO"]
[SourceTitle "CBM 074"]
[Source "ChessBase"]
[SourceDate "2000.02.01"]
[SourceVersion "1"]
[SourceVersionDate "2000.02.01"]
[SourceQuality "1"]
[WhiteTeam "Germany"]
[BlackTeam "Poland"]
[WhiteTeamCountry "GER"]
[BlackTeamCountry "POL"]

1. e4 e6 2. d4 d5 3. Nc3 Bb4 4. e5 Ne7 5. a3 Bxc3+ 6. bxc3 c5 7. Qg4 Kf8 {
Risky, maybe even too risky line, but it is not easy to refute it.} 8. Bd2 (8.
h4 $5) (8. a4 $5) 8... Qc7 $5 9. Bd3 ({Much weaker is} 9. Rc1 $143 $6 Qa5 $1
10. h4 Qxa3 {and it is not clear if White have sufficient compensation for the
pawn, for example} 11. h5 h6 12. Rh3 c4 13. Rf3 Nbc6 14. Rf4 b5 15. Qf3 Nd8 16.
g4 Ke8 17. Nh3 Rb8 18. g5 Nf5 19. Bg2 a5 20. gxh6 Nxh6 21. Qg3 Kf8 22. Rf3 Nc6
23. Ng5 Rb7 $17 {Polgar,J-Nikolic,P/Linares 1997/CBM 57/ /1-0 (59)}) 9... b6
10. Nf3 h6 $146 (10... Ba6 $5 11. dxc5 bxc5 12. Bxa6 (12. O-O Bxd3 13. cxd3 Nd7
14. Rfe1 h6 15. c4 d4 16. h4 Rb8 17. Rab1 Rxb1 18. Rxb1 Nc6 19. Qe4 Kg8 20. h5
Nd8 21. Qa8 Kh7 {1/2-1/2 Sion,M-Patino,R/ESP t-ch 1998 (21)}) 12... Nxa6 13. c4
Qc6 14. cxd5 exd5 15. O-O h6 16. Rfe1 Qe6 17. Qa4 Kg8 18. Rab1 Kh7 19. Qh4 Kg8
20. Rb7 Nf5 21. Qf4 Nb8 22. Reb1 Nc6 $13 {Timman,J-Nikolic,P/Pula 1997/EXP 57/
1/2-1/2 (38)}) 11. O-O Ba6 12. dxc5 bxc5 13. Bxa6 Nxa6 14. c4 Rd8 $6 (14... Qc6
$5 15. cxd5 exd5 {[%cal Gc6e6] transpose to Timman-Nikolic game}) 15. cxd5 Rxd5
({After} 15... exd5 {White can choose between simple} 16. Rfe1 $5 {[%cal Ge5e6]
} ({and pawn sacrifice} 16. e6 $5 Qc8 17. Ne5 Qxe6 18. Qxe6 fxe6 19. Rab1 $1
$44) 16... Qc8 17. Qxc8 Rxc8 18. Rab1 $36) 16. Rab1 $36 {[%csl Ra6,Rf8]
Results of opening are not favourable for black- king is bad, he has big
troubles and with knight on a6.} Ng6 (16... c4 17. Bb4 $5 Nxb4 18. Rxb4 c3 19.
Rfb1 $16) 17. Qa4 Nb8 18. Ba5 Qc8 19. c4 Rd3 $8 20. Rfd1 $16 {Lutz increase
preassure on black position with simple and strong moves.} Rxd1+ 21. Qxd1 ({
White chances mucg better and after} 21. Rxd1 $5 Qc6 (21... Nc6 22. Rd6 Nge7
23. Qb5 $18) (21... Ke7 22. Qc2 $5 Nc6 $140 23. Qd2 $16) 22. Qb3 Nd7 (22... Ke7
23. Bd8+ $5 Rxd8 24. Rxd8 Kxd8 25. Qxb8+ Ke7 26. Qxa7+ $16) 23. Rd6 Qc8 24. Qb5
$5 Ke7 25. Rc6 Qb8 26. Bc7 $16) 21... Kg8 22. h4 $5 Kh7 (22... Nc6 23. Qd6 $1)
23. Qc2 {[%cal Rh4h5]} Kg8 (23... Nc6 $5) 24. h5 Ne7 25. Bd2 {[%csl Rh8]} g6 {
Leads to additional weaknesses, but Black can,t play whole game without rook
on h8} (25... Nd7 26. Qd3 Nc6 27. Bc3 $16) 26. hxg6 (26. Qe4 $5) 26... Nxg6 27.
Be3 Kg7 28. Qe4 Rd8 (28... Nd7 29. Rb7) 29. Qg4 Qc7 (29... Nd7 30. Nh4 Ndxe5
31. Qh5 $16) 30. Nh4 $1 Qe7 {What else, lose immediately} (30... Qxe5 31. Nxg6
fxg6 32. Bxh6+ $1 Kxh6 33. Qh4+ $18) ({looks terrible and} 30... Nd7 31. Nxg6
fxg6 32. Qxe6 Qxe5 33. Qh3 h5 34. Rb7 $18) 31. Nxg6 fxg6 32. Qf4 $18 g5 (32...
Rh8 33. Bxc5 $1) 33. Qe4 ({Very strong also} 33. Bxc5 $5 gxf4 34. Bxe7 Rc8 35.
Bd6 $18 {but Lutz doesn,t want to exchange queens.}) 33... Nd7 34. Rb7 {
[%csl Ra7,Rc5,Rg7][%cal Rb7g7]} a5 35. Rc7 {[%cal Re3c5]} Qf7 (35... Kh8 36.
Qc6 Nxe5 37. Rxe7 Nxc6 38. Rxe6 $18) 36. Bxc5 Kg8 37. Bd6 {[%cal Rc4c6]} Qh5
38. f3 Nf8 39. Ra7 1-0

[Event "Presov 2nd"]
[Site "Presov"]
[Date "2000.08.17"]
[Round "6"]
[White "Macieja, Bartlomiej"]
[Black "Novkovic, Milan"]
[Result "1-0"]
[WhiteElo "2536"]
[BlackElo "2402"]
[Annotator "Psakhis,L"]
[PlyCount "123"]
[EventDate "2000.08.12"]
[EventType "tourn"]
[EventRounds "9"]
[EventCountry "SVK"]
[EventCategory "10"]
[SourceTitle "CBM 079"]
[Source "ChessBase"]
[SourceDate "2000.11.21"]
[SourceVersion "1"]
[SourceVersionDate "2000.11.21"]
[SourceQuality "1"]

1. e4 e6 2. d4 d5 3. Nc3 Bb4 4. e5 c5 5. a3 Bxc3+ 6. bxc3 Ne7 7. Qg4 O-O 8. Bd3
Nbc6 9. Qh5 Ng6 10. Nf3 Qc7 11. Be3 c4 12. Bxg6 fxg6 13. Qg4 Bd7 ({Here Black
also play} 13... Qf7 {with the idea to relocate his queen to f5. Yet, White
keeps some initiative after} 14. h4 (14. Ng5 Qe8 15. h4 h6 16. Nh3 Ne7 17. Nf4
Qf7 18. Qe2 Bd7 19. g4 Ba4 20. Rh3 a5 21. h5 g5 22. Ng2 b5 $36 {0-1 Szabo,
G-Apicella,M/Bucharest Ciocaltea mem 2000/CBM 77 (33)}) 14... Qf5 15. Qxf5 Rxf5
16. Ke2 Bd7 17. g4 Rff8 18. Ne1 b5 19. Ng2 a5 20. Rhb1 Rab8 21. Kd2 Rfc8 22.
Nf4 Kf7 23. h5 $14 {1-0 Hracek,Z-Stimpel,F/Bad Wiessee op 1999 (38)}) 14. h4
Rf5 15. h5 gxh5 16. Rxh5 Rxh5 ({Perhaps,} 16... Raf8 $5 {is better than the
move which Black employed in the game.} 17. Ng5 Qa5 18. Bd2 Rf4 19. Qh3 Rxf2
20. Nf3 Rxd2 21. Kxd2 h6 $132 {Ivanchuk,V-Lutz,C/Muenchen 1994/Inf 60/ /1-0 
(41)}) 17. Qxh5 Rf8 18. Kd2 Be8 19. Qh3 $1 $146 {[%cal Rh3e6,Rf3g5] This is an
important novelty, which possibly changes the evaluation of the whole line
with 16...Rh5. White combines the attack upon the enemy king with the pressure
on the e6-pawn.} (19. Qg4 Qe7 20. Rh1 Bg6 21. Ng5 Rf5 22. Nf3 Rxf3 $5 23. Qxf3
Qxa3 24. Rb1 Qe7 25. Qg4 a6 26. Rb6 Bf5 27. Qd1 Na7 $44 {[%cal Ga7b5] Heer,
B-Kipper,J/Crailsheimer op 1998/1/2-1/2 (67)}) 19... Rxf3 {This is a typical
exchange sacrifice, but here it does not work too well for Black.} (19... Nd8
20. Ng5 (20. Rh1 Bg6) 20... Bg6 21. Nxe6 Nxe6 22. Qxe6+ Qf7 $14) 20. Qxf3 Bg6
21. a4 Na5 (21... Qa5 22. Qg4 Bf5 23. Qd1 {[%cal Gd1b1]}) 22. Kd1 Qd7 23. Bc1
Be4 24. Qh3 Bf5 25. g4 Be4 26. f3 Bg6 {Black has some compensation and it is
not easy to crack his position. However, White gradually grinds him down:} 27.
Qh4 h6 28. Be3 Qc7 29. Rb1 Qd7 30. Rb5 b6 31. Kd2 Qe8 (31... Qf7 $5) 32. f4 $1
{[%cal Gf4f5] White is getting ready for the decisive break on the kingside.}
Qd7 (32... Be4 $5 {[%cal Ge8g6]} 33. f5 $140 exf5 34. gxf5 Bxf5 35. Rxd5 $2
Qxa4) 33. f5 exf5 34. e6 $1 (34. g5 h5 35. Qxh5) 34... Qxe6 35. Qd8+ Kh7 36.
Qxd5 Qxd5 37. Rxd5 fxg4 {Thanks to his pawns on the kingside Black still has
some chances, but the d-pawn is too dangerous.} 38. Bf2 {[%csl Gd4]} Be8 (38...
Nc6 39. Rd7 Bf5 40. Rd6 (40. Rc7 Be4 {[%cal Ge4d5,Ge4h1]})) 39. Rd8 Bxa4 40. d5
Nb7 41. Ra8 Nd6 42. Bd4 (42. Rxa7 Ne4+ 43. Ke1 Bxc2 44. Bd4 h5 45. Rxg7+ Kh6)
42... a5 (42... Nb5 43. Be5 $18) 43. Ra7 Kg6 (43... Nf5 44. d6 $1) 44. Rxg7+
Kf5 45. Bxb6 Ke4 (45... g3 $5 {was Black's last chance to complicate the issue.
}) 46. Rxg4+ Kxd5 47. Rd4+ Ke6 48. Bc7 (48. Rh4 $5) 48... Nb7 49. Rxc4 Be8 50.
Re4+ Kd7 51. Bf4 $18 h5 52. Bg5 Nd6 53. Re7+ Kc6 54. Bf4 Bd7 55. Bxd6 Kxd6 56.
Rh7 Bg4 57. Ra7 h4 58. Rxa5 h3 59. Ke3 Bd1 60. Rg5 h2 61. Rg6+ Kc5 62. Rh6 1-0